00260nam a2200097Ia 4500008004100000082001400041100001900055245003900074260004100113300000800154210430s9999 xx 000 0 und d a297 K461I aInayat Kibriya aInqalab e Payham /cInayat Kibriya aRawalpindibDaira Publicationsc1981 a303